00674nam a2200181 i 450000100060000000300090000600500170001500700030003200800410003510000270007624500710010326000840017430000220025850000440028085200310032499900170035595201200037234792ES-MaACL20230906155011.0t|030211s1926 fr ||||1| fre d1 aBonnard, Roger.93022810aPrécis élémentaire de droit administratif / cRoger Bonnard. aParis : bSociété Anonyme du Recueil Sirey, c1926 (eBordeaux :fJ. Biere) a555 p. ; c20 cm. aPrecede al tít.: La licence en droit. aES-MaACLjA-1402 bR.11854 c34792d34792 00104070aATENEOMbATENEOMcSPP1d2008-01-17eSCl0oA-1402p1036313r2023-02-23 00:00:00w2023-02-23yMONOGRAFIA